<?xml version="1.0" encoding="UTF-8"?>
<record
    xmlns:xsi="http://www.w3.org/2001/XMLSchema-instance"
    xsi:schemaLocation="http://www.loc.gov/MARC21/slim http://www.loc.gov/standards/marcxml/schema/MARC21slim.xsd"
    xmlns="http://www.loc.gov/MARC21/slim">

  <leader>00393nam a22001697a 4500</leader>
  <controlfield tag="003">OSt</controlfield>
  <controlfield tag="008">230421b        |||||||| |||| 00| 0 eng d</controlfield>
  <datafield tag="020" ind1=" " ind2=" ">
    <subfield code="a">9788177585421</subfield>
  </datafield>
  <datafield tag="082" ind1=" " ind2=" ">
    <subfield code="a">547 FIO</subfield>
  </datafield>
  <datafield tag="100" ind1=" " ind2=" ">
    <subfield code="a">FINAR, I.L</subfield>
  </datafield>
  <datafield tag="245" ind1=" " ind2=" ">
    <subfield code="a">Organic Chemistry</subfield>
  </datafield>
  <datafield tag="250" ind1=" " ind2=" ">
    <subfield code="a">6th 2022</subfield>
  </datafield>
  <datafield tag="260" ind1=" " ind2=" ">
    <subfield code="a">Noida</subfield>
    <subfield code="b"> Pearson</subfield>
  </datafield>
  <datafield tag="300" ind1=" " ind2=" ">
    <subfield code="a">xiv,965</subfield>
  </datafield>
  <datafield tag="650" ind1=" " ind2=" ">
    <subfield code="a">Pharmaceutical Organic Chemistry</subfield>
  </datafield>
  <datafield tag="942" ind1=" " ind2=" ">
    <subfield code="2">ddc</subfield>
    <subfield code="c">BK</subfield>
  </datafield>
  <datafield tag="999" ind1=" " ind2=" ">
    <subfield code="c">11980</subfield>
    <subfield code="d">11980</subfield>
  </datafield>
  <datafield tag="952" ind1=" " ind2=" ">
    <subfield code="0">0</subfield>
    <subfield code="1">0</subfield>
    <subfield code="2">ddc</subfield>
    <subfield code="4">0</subfield>
    <subfield code="7">0</subfield>
    <subfield code="8">BP</subfield>
    <subfield code="a">PIET</subfield>
    <subfield code="b">PIET</subfield>
    <subfield code="d">2023-04-13</subfield>
    <subfield code="e">IBC</subfield>
    <subfield code="f">RUPEES</subfield>
    <subfield code="g">1195.00</subfield>
    <subfield code="h">1</subfield>
    <subfield code="k">IB/IN/1426</subfield>
    <subfield code="l">0</subfield>
    <subfield code="o">547 FIO</subfield>
    <subfield code="p">BP2053</subfield>
    <subfield code="r">2023-04-21 00:00:00</subfield>
    <subfield code="v">812.60</subfield>
    <subfield code="w">2023-03-31</subfield>
    <subfield code="y">REF</subfield>
  </datafield>
  <datafield tag="952" ind1=" " ind2=" ">
    <subfield code="0">0</subfield>
    <subfield code="1">0</subfield>
    <subfield code="2">ddc</subfield>
    <subfield code="4">0</subfield>
    <subfield code="7">0</subfield>
    <subfield code="8">BP</subfield>
    <subfield code="a">PIET</subfield>
    <subfield code="b">PIET</subfield>
    <subfield code="d">2023-04-13</subfield>
    <subfield code="e">IBC</subfield>
    <subfield code="f">RUPEES</subfield>
    <subfield code="g">1195.00</subfield>
    <subfield code="h">1</subfield>
    <subfield code="k">IB/IN/1426</subfield>
    <subfield code="l">0</subfield>
    <subfield code="o">547 FIO</subfield>
    <subfield code="p">BP2054</subfield>
    <subfield code="r">2023-04-21 00:00:00</subfield>
    <subfield code="v">812.60</subfield>
    <subfield code="w">2023-03-31</subfield>
    <subfield code="y">BK</subfield>
  </datafield>
  <datafield tag="952" ind1=" " ind2=" ">
    <subfield code="0">0</subfield>
    <subfield code="1">0</subfield>
    <subfield code="2">ddc</subfield>
    <subfield code="4">0</subfield>
    <subfield code="7">0</subfield>
    <subfield code="8">BP</subfield>
    <subfield code="a">PIET</subfield>
    <subfield code="b">PIET</subfield>
    <subfield code="d">2023-04-13</subfield>
    <subfield code="e">IBC</subfield>
    <subfield code="f">RUPEES</subfield>
    <subfield code="g">1195.00</subfield>
    <subfield code="h">1</subfield>
    <subfield code="k">IB/IN/1426</subfield>
    <subfield code="l">0</subfield>
    <subfield code="o">547 FIO</subfield>
    <subfield code="p">BP2055</subfield>
    <subfield code="r">2023-04-21 00:00:00</subfield>
    <subfield code="v">812.60</subfield>
    <subfield code="w">2023-03-31</subfield>
    <subfield code="y">BK</subfield>
  </datafield>
  <datafield tag="952" ind1=" " ind2=" ">
    <subfield code="0">0</subfield>
    <subfield code="1">0</subfield>
    <subfield code="2">ddc</subfield>
    <subfield code="4">0</subfield>
    <subfield code="7">0</subfield>
    <subfield code="8">BP</subfield>
    <subfield code="a">PIET</subfield>
    <subfield code="b">PIET</subfield>
    <subfield code="d">2023-04-13</subfield>
    <subfield code="e">IBC</subfield>
    <subfield code="f">RUPEES</subfield>
    <subfield code="g">1195.00</subfield>
    <subfield code="h">1</subfield>
    <subfield code="k">IB/IN/1426</subfield>
    <subfield code="l">0</subfield>
    <subfield code="o">547 FIO</subfield>
    <subfield code="p">BP2056</subfield>
    <subfield code="r">2023-04-21 00:00:00</subfield>
    <subfield code="v">812.60</subfield>
    <subfield code="w">2023-03-31</subfield>
    <subfield code="y">BK</subfield>
  </datafield>
  <datafield tag="952" ind1=" " ind2=" ">
    <subfield code="0">0</subfield>
    <subfield code="1">0</subfield>
    <subfield code="2">ddc</subfield>
    <subfield code="4">0</subfield>
    <subfield code="7">0</subfield>
    <subfield code="8">BP</subfield>
    <subfield code="a">PIET</subfield>
    <subfield code="b">PIET</subfield>
    <subfield code="d">2023-04-13</subfield>
    <subfield code="e">IBC</subfield>
    <subfield code="f">RUPEES</subfield>
    <subfield code="g">1195.00</subfield>
    <subfield code="h">1</subfield>
    <subfield code="k">IB/IN/1426</subfield>
    <subfield code="l">0</subfield>
    <subfield code="o">547 FIO</subfield>
    <subfield code="p">BP2057</subfield>
    <subfield code="r">2023-04-21 00:00:00</subfield>
    <subfield code="v">812.60</subfield>
    <subfield code="w">2023-03-31</subfield>
    <subfield code="y">BK</subfield>
  </datafield>
  <datafield tag="952" ind1=" " ind2=" ">
    <subfield code="0">0</subfield>
    <subfield code="1">0</subfield>
    <subfield code="2">ddc</subfield>
    <subfield code="4">0</subfield>
    <subfield code="7">0</subfield>
    <subfield code="8">BP</subfield>
    <subfield code="a">PIET</subfield>
    <subfield code="b">PIET</subfield>
    <subfield code="d">2023-04-13</subfield>
    <subfield code="e">IBC</subfield>
    <subfield code="f">RUPEES</subfield>
    <subfield code="g">1195.00</subfield>
    <subfield code="h">1</subfield>
    <subfield code="k">IB/IN/1426</subfield>
    <subfield code="l">0</subfield>
    <subfield code="o">547 FIO</subfield>
    <subfield code="p">BP2058</subfield>
    <subfield code="r">2023-04-21 00:00:00</subfield>
    <subfield code="v">812.60</subfield>
    <subfield code="w">2023-03-31</subfield>
    <subfield code="y">BK</subfield>
  </datafield>
  <datafield tag="952" ind1=" " ind2=" ">
    <subfield code="0">0</subfield>
    <subfield code="1">0</subfield>
    <subfield code="2">ddc</subfield>
    <subfield code="4">0</subfield>
    <subfield code="7">0</subfield>
    <subfield code="8">BP</subfield>
    <subfield code="a">PIET</subfield>
    <subfield code="b">PIET</subfield>
    <subfield code="d">2023-04-13</subfield>
    <subfield code="e">IBC</subfield>
    <subfield code="f">RUPEES</subfield>
    <subfield code="g">1195.00</subfield>
    <subfield code="h">1</subfield>
    <subfield code="k">IB/IN/1426</subfield>
    <subfield code="l">0</subfield>
    <subfield code="o">547 FIO</subfield>
    <subfield code="p">BP2059</subfield>
    <subfield code="r">2023-04-21 00:00:00</subfield>
    <subfield code="v">812.60</subfield>
    <subfield code="w">2023-03-31</subfield>
    <subfield code="y">BK</subfield>
  </datafield>
  <datafield tag="952" ind1=" " ind2=" ">
    <subfield code="0">0</subfield>
    <subfield code="1">0</subfield>
    <subfield code="2">ddc</subfield>
    <subfield code="4">0</subfield>
    <subfield code="7">0</subfield>
    <subfield code="8">BP</subfield>
    <subfield code="a">PIET</subfield>
    <subfield code="b">PIET</subfield>
    <subfield code="d">2023-04-13</subfield>
    <subfield code="e">IBC</subfield>
    <subfield code="f">RUPEES</subfield>
    <subfield code="g">1195.00</subfield>
    <subfield code="h">1</subfield>
    <subfield code="k">IB/IN/1426</subfield>
    <subfield code="l">0</subfield>
    <subfield code="o">547 FIO</subfield>
    <subfield code="p">BP2060</subfield>
    <subfield code="r">2023-04-21 00:00:00</subfield>
    <subfield code="v">812.60</subfield>
    <subfield code="w">2023-03-31</subfield>
    <subfield code="y">BK</subfield>
  </datafield>
  <datafield tag="952" ind1=" " ind2=" ">
    <subfield code="0">0</subfield>
    <subfield code="1">0</subfield>
    <subfield code="2">ddc</subfield>
    <subfield code="4">0</subfield>
    <subfield code="7">0</subfield>
    <subfield code="8">BP</subfield>
    <subfield code="a">PIET</subfield>
    <subfield code="b">PIET</subfield>
    <subfield code="d">2023-04-13</subfield>
    <subfield code="e">IBC</subfield>
    <subfield code="f">RUPEES</subfield>
    <subfield code="g">1195.00</subfield>
    <subfield code="h">1</subfield>
    <subfield code="k">IB/IN/1426</subfield>
    <subfield code="l">0</subfield>
    <subfield code="o">547 FIO</subfield>
    <subfield code="p">BP2061</subfield>
    <subfield code="r">2023-04-21 00:00:00</subfield>
    <subfield code="v">812.60</subfield>
    <subfield code="w">2023-03-31</subfield>
    <subfield code="y">BK</subfield>
  </datafield>
  <datafield tag="952" ind1=" " ind2=" ">
    <subfield code="0">0</subfield>
    <subfield code="1">0</subfield>
    <subfield code="2">ddc</subfield>
    <subfield code="4">0</subfield>
    <subfield code="7">0</subfield>
    <subfield code="8">BP</subfield>
    <subfield code="a">PIET</subfield>
    <subfield code="b">PIET</subfield>
    <subfield code="d">2023-04-13</subfield>
    <subfield code="e">IBC</subfield>
    <subfield code="f">RUPEES</subfield>
    <subfield code="g">1195.00</subfield>
    <subfield code="h">1</subfield>
    <subfield code="k">IB/IN/1426</subfield>
    <subfield code="l">0</subfield>
    <subfield code="o">547 FIO</subfield>
    <subfield code="p">BP2062</subfield>
    <subfield code="r">2023-04-21 00:00:00</subfield>
    <subfield code="v">812.60</subfield>
    <subfield code="w">2023-03-31</subfield>
    <subfield code="y">BK</subfield>
  </datafield>
</record>
